MARC details
| 000 -CABECERA |
| campo de control de longitud fija |
01472cam a2200301 a 4500 |
| 001 - NÚMERO DE CONTROL |
| campo de control |
000014268 |
| 005 - FECHA Y HORA DE LA ÚLTIMA TRANSACCIÓN |
| campo de control |
20200929163541.0 |
| 008 - DATOS DE LONGITUD FIJA--INFORMACIÓN GENERAL |
| campo de control de longitud fija |
820308s1980 cr a b 100 0bspa |
| 035 ## - NÚMERO DE CONTROL DEL SISTEMA |
| Número de control de sistema |
(DLC) 80143400 |
| 040 ## - FUENTE DE LA CATALOGACIÓN |
| Centro catalogador/agencia de origen |
DO-SdBNP |
| Lengua de catalogación |
spa |
| Centro/agencia transcriptor |
DLC |
| Centro/agencia modificador |
DLC |
| -- |
BNPHU |
| 082 ## - NÚMERO DE LA CLASIFICACIÓN DECIMAL DEWEY |
| Número de clasificación |
972.8/02 |
| Número de documento/Ítem |
M533q |
| 049 ## - FONDOS LOCALES (OCLC) |
| Fondos de biblioteca |
BNGR |
| 111 1# - ENTRADA PRINCIPAL--NOMBRE DE CONGRESO/REUNIÓN |
| Nombre de congreso/reunión o jurisdicción como elemento de entrada |
Memoria del congreso sobre el Mundo Centroamericano de Su Tiempo |
| Fecha del congreso/reunión |
(24 - 25 - 26 - y 27 de Agosto, 1978 : |
| Sede del congreso/Lugar de la reunión |
Nicoya, Costa Rica) |
| 9 (RLIN) |
32214 |
| 245 10 - MENCIÓN DE TÍTULO |
| Título |
Vo. centenario de Gonzalo Fernández de Oviedo : |
| Resto del título |
memoria del Congreso sobre el Mundo Centroamericano de Su Tiempo, 24-25-26 y 27 de agosto, 1978. |
| 246 3# - FORMA VARIANTE DE TÍTULO |
| Título propio/Titulo breve |
Quinto centenario de Gonzalo Fernández de Oviedo |
| 246 3# - FORMA VARIANTE DE TÍTULO |
| Título propio/Titulo breve |
5 centenario de Gonzalo Fernández de Oviedo |
| 260 ## - PUBLICACIÓN, DISTRIBUCIÓN, ETC. |
| Lugar de publicación, distribución, etc. |
Nicoya : |
| Nombre del editor, distribuidor, etc. |
Comisión Nacional Organizadora : |
| -- |
Academia de Geografía e Historia, |
| Fecha de publicación, distribución, etc. |
[1980]. |
| 300 ## - DESCRIPCIÓN FÍSICA |
| Extensión |
487 p. : |
| Otras características físicas |
il. ; |
| Dimensiones |
26 cm. |
| 504 ## - NOTA DE BIBLIOGRAFÍA, ETC. |
| Nota de bibliografía, etc. |
Incluye bibliografías: p. 459-460. |
| 600 10 - PUNTO DE ACCESO ADICIONAL DE MATERIA--NOMBRE DE PERSONA |
| Nombre de persona |
Fernández de Oviedo y Valdés, Gonzalo, |
| Fechas asociadas al nombre |
1478-1557 |
| Subdivisión general |
Congresses. |
| 9 (RLIN) |
32215 |
| 650 #0 - PUNTO DE ACCESO ADICIONAL DE MATERIA--TÉRMINO DE MATERIA |
| Término de materia o nombre geográfico como elemento de entrada |
Indians of central america |
| Subdivisión general |
Congresses. |
| 9 (RLIN) |
32216 |
| 651 #0 - PUNTO DE ACCESO ADICIONAL DE MATERIA--NOMBRE GEOGRÁFICO |
| Nombre geográfico |
America |
| Subdivisión general |
Discovery And Exploration |
| -- |
Spanish |
| -- |
Congresses. |
| 9 (RLIN) |
32217 |
| 651 #0 - PUNTO DE ACCESO ADICIONAL DE MATERIA--NOMBRE GEOGRÁFICO |
| Nombre geográfico |
Central America |
| Subdivisión general |
History |
| Subdivisión cronológica |
To 1821 |
| Subdivisión general |
Congresses. |
| 9 (RLIN) |
32218 |
| 650 #0 - PUNTO DE ACCESO ADICIONAL DE MATERIA--TÉRMINO DE MATERIA |
| Término de materia o nombre geográfico como elemento de entrada |
Explorers |
| Subdivisión geográfica |
Spain |
| Subdivisión general |
Biography |
| -- |
Congresses. |
| 9 (RLIN) |
32219 |
| 650 #0 - PUNTO DE ACCESO ADICIONAL DE MATERIA--TÉRMINO DE MATERIA |
| Término de materia o nombre geográfico como elemento de entrada |
Explorers |
| Subdivisión geográfica |
America |
| Subdivisión general |
Biography |
| -- |
Congresses. |
| 9 (RLIN) |
32220 |
| 700 1# - PUNTO DE ACCESO ADICIONAL--NOMBRE DE PERSONA |
| Nombre de persona |
Fernández de Oviedo y Valdés, Gonzalo, |
| Fechas asociadas al nombre |
1478-1557. |
| 9 (RLIN) |
32221 |
| 910 ## - DATOS DE OPCIÓN DEL USUARIO (OCLC) |
| Datos de opción del usuario |
Catalogación derivada |